000 00297nam a2200109Ia 4500
008 200302s9999 xx 000 0 und d
100 _aS. C. Kaushik & Other
245 _aThermal Control in Passive Soler Buildings
260 _bI B T Publishers & Distributors
260 _c1988
300 _a314 P.,
999 _c2053
_d2053